<?xml version="1.0" encoding="UTF-8"?>
<record
    xmlns:xsi="http://www.w3.org/2001/XMLSchema-instance"
    xsi:schemaLocation="http://www.loc.gov/MARC21/slim http://www.loc.gov/standards/marcxml/schema/MARC21slim.xsd"
    xmlns="http://www.loc.gov/MARC21/slim">

  <leader>00982nam a2200217Ia 4500</leader>
  <controlfield tag="003">IN-BaIIA</controlfield>
  <controlfield tag="008">211028s9999    xx            000 0 eng d</controlfield>
  <datafield tag="040" ind1=" " ind2=" ">
    <subfield code="c">IIA Library</subfield>
  </datafield>
  <datafield tag="080" ind1=" " ind2=" ">
    <subfield code="a">524.354.6</subfield>
    <subfield code="b">BIR</subfield>
  </datafield>
  <datafield tag="111" ind1=" " ind2=" ">
    <subfield code="a">Workshop on Birth and Evolution of Neutron Stars, Issues Raised By Millisecond Pulsars</subfield>
    <subfield code="n">8th</subfield>
    <subfield code="c">Green Bank, West virginia</subfield>
    <subfield code="d">1984 June 6-8</subfield>
    <subfield code="9">14782</subfield>
  </datafield>
  <datafield tag="245" ind1=" " ind2="0">
    <subfield code="a">Birth and Evolution of neutron Stars</subfield>
    <subfield code="b">proceedings of a Workshop on birth and Evolution of neutron Stars, issues raised by millisecond pulsars, no. 8, held in Green Bank, West virginia, USA, 6-8 June 1984</subfield>
    <subfield code="c">edited by S. P. Reynolds and D. R. Stinebring</subfield>
  </datafield>
  <datafield tag="260" ind1=" " ind2=" ">
    <subfield code="a">West Virginia</subfield>
    <subfield code="b">National Radio Astronomy Observatory</subfield>
    <subfield code="c">1984</subfield>
  </datafield>
  <datafield tag="300" ind1=" " ind2=" ">
    <subfield code="a">[various pagings.]</subfield>
  </datafield>
  <datafield tag="650" ind1=" " ind2=" ">
    <subfield code="a">Astronomy and Astrophysics thesaurus</subfield>
  </datafield>
  <datafield tag="650" ind1=" " ind2=" ">
    <subfield code="a">Binary Stars</subfield>
    <subfield code="9">1185</subfield>
  </datafield>
  <datafield tag="650" ind1=" " ind2=" ">
    <subfield code="a">Neutron Stars</subfield>
    <subfield code="9">7729</subfield>
  </datafield>
  <datafield tag="650" ind1=" " ind2=" ">
    <subfield code="a">Pulsars</subfield>
    <subfield code="9">7214</subfield>
  </datafield>
  <datafield tag="700" ind1=" " ind2=" ">
    <subfield code="a">Reynolds, S. P., ed.</subfield>
    <subfield code="9">14783</subfield>
  </datafield>
  <datafield tag="700" ind1=" " ind2=" ">
    <subfield code="a">Stinebring, D. R., ed.</subfield>
    <subfield code="9">14784</subfield>
  </datafield>
  <datafield tag="942" ind1=" " ind2=" ">
    <subfield code="c">BK</subfield>
  </datafield>
  <datafield tag="999" ind1=" " ind2=" ">
    <subfield code="c">8790</subfield>
    <subfield code="d">8790</subfield>
  </datafield>
  <datafield tag="952" ind1=" " ind2=" ">
    <subfield code="0">0</subfield>
    <subfield code="1">0</subfield>
    <subfield code="4">0</subfield>
    <subfield code="7">0</subfield>
    <subfield code="a">BAN</subfield>
    <subfield code="b">BAN</subfield>
    <subfield code="c">GEN</subfield>
    <subfield code="d">1986-09-11</subfield>
    <subfield code="l">0</subfield>
    <subfield code="o">524.354.6/ BIR</subfield>
    <subfield code="p">9667</subfield>
    <subfield code="r">2021-11-05</subfield>
    <subfield code="w">1986-09-11</subfield>
    <subfield code="y">BK</subfield>
  </datafield>
</record>
